Top Jewelry Exporting Countries - Statistics

General Stats
  • This quiz has been taken 126 times
  • The average score is 10 of 14
Answer Stats
billion US$ % Country % Correct
13.3 13.9 China
95%
9.9 10.3 United States
95%
12.6 13.2 India
93%
4.7 4.9 France
86%
2.3 2.4 Japan
84%
4.9 5.1 United Kingdom
84%
1.8 1.9 Germany
81%
6 6.3 Italy
80%
11 11.6 Switzerland
61%
4.1 4.3 Indonesia
59%
3.8 3.9 Turkey
58%
3.5 3.7 Thailand
55%
2.9 3.1 Singapore
51%
2 2.1 United Arab Emirates
40%
No matching quizzes found
Score Distribution
Percent of People with Each Score
Percentile by Number Answered
Your Score History
You have not taken this quiz